000 00576nam a2200169Ia 4500
008 090201s9999 xx 000 0 und d
010 _aKPL-53954
040 _bमराठी
041 _aमराठी
082 _a11673
_b53954
100 _aशशिभूषण मित्तल
245 _aज्योतिष चिंतामणी भाग 1
_cशशिभूषण मित्तल
260 _c2004
_bमित्तल
300 _a103
_bमोठा
600 _aज्योतिष चिंतामणी भाग 1
942 _cBOOK
999 _c212055
_d212055